UBT Library

Sex-role issues in mental health / (Record no. 42919)

000 -LEADER
fixed length control field 00550nam a2200217 i 4500
001 - CONTROL NUMBER
control field 4646754
005 - DATE AND TIME OF LATEST TRANSACTION
control field 20180220072727.0
008 - FIXED-LENGTH DATA ELEMENTS--GENERAL INFORMATION
fixed length control field 800313s1980 mau b 001 0 eng
010 ## - LIBRARY OF CONGRESS CONTROL NUMBER
LC control number 79053872
020 ## - INTERNATIONAL STANDARD BOOK NUMBER
International Standard Book Number 0201067625
040 ## - CATALOGING SOURCE
Original cataloging agency DLC
Transcribing agency DLC
Modifying agency DLC
041 ## - LANGUAGE CODE
Language code of text/sound track or separate title eng
080 ## - UNIVERSAL DECIMAL CLASSIFICATION NUMBER
Universal Decimal Classification number 301.42 kay
082 00 - DEWEY DECIMAL CLASSIFICATION NUMBER
Classification number 301.42 kay
100 1# - Rafti
Rafti 49
101 ## - Shkurtesa
Shkurtesa soc
245 10 - TITLE STATEMENT
Title Sex-role issues in mental health /
Statement of responsibility, etc Kay F. Schaffer.
504 ## - BIBLIOGRAPHY, ETC. NOTE
Bibliography, etc Bibliography: p. 202-222.
906 ## - LOCAL DATA ELEMENT F, LDF (RLIN)
a 7
b cbc
c orignew
d 2
e ocip
f 19
g y-gencatlg
942 ## - ADDED ENTRY ELEMENTS (KOHA)
Source of classification or shelving scheme
Item type Books
Holdings
Withdrawn status Lost status Source of classification or shelving scheme Damaged status Not for loan Collection code Permanent location Current location Shelving location Date acquired Total Checkouts Full call number Barcode Date last seen Price effective from Koha item type
          Koleksioni i përgjithshem UBT - Lipjan UBT - Lipjan Koleksioni i përgjithshem 02/20/2018   301.42 kay 002-2999360 02/20/2018 02/20/2018 Books
UBT Library © 2015-2024. All rights reserved University Education for Business and Technology